| 000 | 00998nam a22003617a 4500 | ||
|---|---|---|---|
| 001 | BR2016001765 | ||
| 003 | BR-BrBNA | ||
| 005 | 20230928104847.0 | ||
| 007 | ta | ||
| 008 | 230509b bl.||||| |||| 00| 0 por d | ||
| 040 |
_aBR-BrBNA _bpor _cBiblioteca Nacional de Agricultura |
||
| 041 | _a(Por) | ||
| 072 | _aD50; Q02; Q03 | ||
| 090 | _ D50 BR2016001765 | ||
| 100 | 1 | _aPérez, A.C.A. de | |
| 100 | 1 | _aAvdalov, N. | |
| 100 | 1 | _aNeiva, C.R.P. | |
| 100 | 1 | _aLemos Neto, M.J. | |
| 100 | 1 | _aLopes, R. da G. | |
| 100 | 1 | _aTomita, R.Y. | |
| 100 | 1 | _aFurlan, E.F. | |
| 100 | 1 | _aMachado, T.M. | |
| 245 | 1 | _aProcedimentos higiênico-sánitários para a indústria e inspetores de pescado: recomendações | |
| 260 | 3 |
_aSantos, SP (Brasil): _c2007. |
|
| 300 | _a48 p. | ||
| 500 | _a8 ref. | ||
| 650 | _aLEGISLAÇÃO | ||
| 650 | _aINDÚSTRIA PESQUEIRA | ||
| 650 | _aINSPEÇÃO SANITÁRIA | ||
| 650 | _aHIGIENE DE ALIMENTO | ||
| 909 |
_a202309 _bLucia _c55 _dLucia Elande |
||
| 942 | _cBK | ||
| 999 |
_c82125 _d82125 |
||